[Event "Reykjavik Open 2025"]
[Site "Reykjavik"]
[Date "2025.04.15"]
[Round "9.104"]
[White "Pererva, Viktor"]
[Black "Leosson, Haukur Vidis"]
[Result "1/2-1/2"]
[WhiteElo "2017"]
[WhiteFideId "24696463"]
[BlackElo "1863"]
[BlackFideId "2325780"]
[Variant "Standard"]
[StudyName "ROpen 2025 - Rd9 - Boards 45-108"]
1. c4 e6 2. g3 Nf6 3. Bg2 d5 4. Nf3 Be7 5. O-O O-O 6. b3 b6 7. d4 c5 8. Bb2 Bb7 9. cxd5 Nxd5 10. dxc5 Bxc5 11. Nbd2 Nd7 12. Nc4 b5 13. Nce5 Nxe5 14. Nxe5 f6 15. Nd3 Bb6 16. Nb4 Nxb4 17. Bxb7 Rb8 18. Bg2 Qe7 19. a3 Rfd8 20. Qb1 Nd5 21. Rd1 Nc7 22. Qe4 Rd6 23. e3 Rbd8 24. Qc2 Qd7 25. Bf3 Rd2 26. Rxd2 Qxd2 27. Qxd2 Rxd2 28. Bc3 Rd3 29. Rc1 Rxe3 30. Kg2 Rd3 31. Be4 Rd8 32. Bb4 f5 33. Bb1 Nd5 34. Bc5 Rc8 35. b4 Kf7 36. Ba2 Bxc5 37. bxc5 g5 38. Kf3 g4+ 39. Ke2 Kf6 40. Bxd5 exd5 41. Kd3 d4 42. Kxd4 Rd8+ 43. Kc3 a5 44. Rb1 Rb8 45. a4 b4+ 46. Kc4 Ke6 47. Rb3 Kd7 48. Rd3+ Kc6 49. Rd6+ Kc7 50. Kb3 Rd8 51. Ra6 Rd2 52. Rxa5 Rxf2 53. Kxb4 Rxh2 54. Ra7+ Kc6 55. Ra6+ Kc7 56. Rf6 Rb2+ 57. Kc4 Rc2+ 58. Kd5 Rd2+ 59. Ke5 Rd3 60. Kxf5 Rxg3 61. Rf7+ Kc6 62. Rxh7 Kxc5 63. Rg7 Kb4 64. Rxg4+ Rxg4 65. Kxg4 Kxa4 1/2-1/2

[Event "Reykjavik Open 2025"]
[Site "Reykjavik"]
[Date "2025.04.15"]
[Round "9.105"]
[White "Omarsson, Josef"]
[Black "Albersmann, Rene"]
[Result "1-0"]
[WhiteElo "2011"]
[WhiteFideId "2316102"]
[BlackElo "1859"]
[BlackFideId "34631402"]
[Variant "Standard"]
[StudyName "ROpen 2025 - Rd9 - Boards 45-108"]
1. d4 d5 2. c4 e6 3. Nc3 c6 4. e3 f5 5. g3 Nf6 6. Nh3 Be7 7. Bg2 O-O 8. O-O Qe8 9. b3 Bd6 10. a4 Qe7 11. Nf4 Nbd7 12. Qc2 g5 13. Nd3 h5 14. f4 g4 15. Ne5 Qh7 16. cxd5 exd5 17. h4 gxh3 18. Bxh3 Ne4 19. Nxe4 fxe4 20. Bxd7 Bxd7 21. Ba3 Bxa3 22. Rxa3 Kh8 23. Kf2 Rg8 24. Rh1 Rg7 25. Nxd7 Rxd7 26. Qe2 Qg6 27. Qxh5+ Qxh5 28. Rxh5+ Kg7 29. Ra1 Rh8 30. Rah1 Rxh5 31. Rxh5 b6 32. b4 a5 33. bxa5 bxa5 34. g4 Rb7 35. f5 Rb4 36. Rg5+ Kf7 37. Rg6 Rxa4 38. Rxc6 Ra1 39. g5 a4 40. g6+ Kg7 41. Rc7+ Kf6 42. Rf7+ Kg5 43. g7 Kh4 44. g8=Q Ra2+ 45. Ke1 1-0

[Event "Reykjavik Open 2025"]
[Site "Reykjavik"]
[Date "2025.04.15"]
[Round "9.106"]
[White "Arun, Nitish"]
[Black "Van Meter, Lester"]
[Result "1-0"]
[WhiteElo "2004"]
[WhiteFideId "2524201"]
[BlackElo "1857"]
[BlackFideId "2001691"]
[Variant "Standard"]
[StudyName "ROpen 2025 - Rd9 - Boards 45-108"]
1. d4 d5 2. c4 dxc4 3. Nf3 a6 4. e3 b5 5. a4 Bb7 6. b3 e6 7. bxc4 b4 8. c5 Nc6 9. Be2 Nf6 10. O-O g5 11. Nxg5 Rg8 12. Nf3 Qd5 13. Nbd2 Na5 14. Rb1 Be7 15. Rxb4 Bc6 16. Re1 Ne4 17. Nxe4 Qxe4 18. Bd2 Bd5 19. Kh1 Nc6 20. Rb2 Qg4 21. Rg1 Qg7 22. Ne1 Bxc5 23. Bf3 { [%csl Ge6,Gd6] } 23... Bd6 24. Bxd5 exd5 25. f4 Qg4 26. Qxg4 Rxg4 27. Nd3 f6 28. Rc1 Kd7 29. Rbc2 Ne7 30. g3 Rb8 31. Kg2 Rgg8 32. Kf3 Rb3 33. Rxc7+ 1-0

[Event "Reykjavik Open 2025"]
[Site "Reykjavik"]
[Date "2025.04.15"]
[Round "9.107"]
[White "Thorsteinsdottir, Hallgerdur"]
[Black "Skjoldebrand, Martin"]
[Result "1-0"]
[WhiteElo "2003"]
[WhiteFideId "2302454"]
[BlackElo "1856"]
[BlackFideId "1711911"]
[Variant "Standard"]
[StudyName "ROpen 2025 - Rd9 - Boards 45-108"]
1. e4 c5 2. Nf3 g6 3. d4 cxd4 4. Nxd4 Nc6 5. c4 Bg7 6. Be3 Nf6 7. Nxc6 dxc6 8. Nc3 Qc7 9. f3 O-O 10. Be2 Rd8 11. Qc2 Nh5 12. O-O Nf4 13. Rfd1 Be6 14. Bf1 Be5 15. g3 Nh5 16. Ne2 c5 17. Nc3 Rac8 18. Nd5 Bxd5 19. exd5 1-0

[Event "Reykjavik Open 2025"]
[Site "Reykjavik"]
[Date "2025.04.15"]
[Round "9.108"]
[White "Bleuzen, Cedric"]
[Black "Yu, Tianxiang Carlos"]
[Result "1/2-1/2"]
[WhiteElo "2003"]
[WhiteFideId "632368"]
[BlackElo "1843"]
[BlackFideId "39922723"]
[Variant "Standard"]
[StudyName "ROpen 2025 - Rd9 - Boards 45-108"]
1. d4 Nf6 2. Bg5 c5 3. Bxf6 gxf6 4. c3 Qb6 5. Qd2 e6 6. e3 Nc6 7. Nf3 d5 8. Be2 Bd7 9. O-O Bd6 10. Rd1 Rd8 11. Qc2 Kf8 12. Nbd2 cxd4 13. cxd4 Nb4 14. Qb1 Rc8 15. Rc1 Kg7 16. Rc3 Ba4 17. Ne1 Rc7 18. a3 Nc6 19. Nef3 Rhc8 20. Bd3 h6 21. Qa2 Ne7 22. Rac1 Bb5 23. Rxc7 Rxc7 24. Rxc7 Bxc7 25. Bxb5 Qxb5 26. Qb3 Qxb3 27. Nxb3 Nf5 28. h3 h5 29. Kf1 Nd6 30. Nfd2 b6 31. Ke2 f5 32. Kd3 Kf6 33. Nc1 Ne4 34. Ke2 Nxd2 35. Kxd2 f4 36. Nd3 fxe3+ 37. Kxe3 Kf5 38. g3 f6 39. f4 Kg6 40. g4 hxg4 41. hxg4 a5 42. a4 Bd6 43. Kf3 Bc7 44. b4 axb4 45. Nxb4 Bd6 46. f5+ exf5 47. gxf5+ Kxf5 48. Nxd5 Ke6 49. Nxb6 Bc7 50. Nc8 f5 51. Ke3 Ba5 52. Kd3 Kd7 53. Na7 Bb6 54. Nb5 Kc6 55. Nc3 Ba5 56. Ne2 Bc7 57. Kc4 f4 58. Ng1 Kb6 59. Kd3 Ka5 60. Ke4 Kxa4 61. Ne2 Kb5 62. Nxf4 Kc6 63. d5+ Kd7 64. Nd3 Bd6 65. Kd4 Bh2 66. Nc5+ Kd6 67. Ne4+ Kd7 68. Kc5 Bg1+ 1/2-1/2

[Event "Reykjavik Open 2025"]
[Site "Reykjavik"]
[Date "2025.04.15"]
[Round "9.109"]
[White "Termeulen, Albert"]
[Black "Belic, Nebojsa"]
[Result "1-0"]
[WhiteElo "1999"]
[WhiteFideId "1002686"]
[BlackElo "1850"]
[BlackFideId "9206099"]
[Variant "Standard"]
[StudyName "ROpen 2025 - Rd9 - Boards 109-172"]
1. e4 b6 2. d4 Bb7 3. Bd3 Nf6 4. Qe2 e6 5. Nf3 Be7 6. O-O O-O 7. Nbd2 c5 8. c3 d6 9. e5 Nd5 10. Ne4 cxd4 11. cxd4 Nb4 12. Bb1 Ba6 13. Nf6+ Bxf6 14. Qe4 g6 15. Qxa8 N4c6 16. exf6 Qc7 17. Bh6 Bb7 18. Qxb7 Qxb7 19. Bxf8 Kxf8 20. Rc1 d5 21. Bd3 Nd7 22. Rc3 Nxf6 23. Rac1 Ne7 24. Rc7 Qb8 25. Ne5 b5 1-0

[Event "Reykjavik Open 2025"]
[Site "Reykjavik"]
[Date "2025.04.15"]
[Round "9.110"]
[White "Balton, Tim"]
[Black "Muskens, Mink"]
[Result "1/2-1/2"]
[WhiteElo "1988"]
[WhiteFideId "1478060"]
[BlackElo "1841"]
[BlackFideId "1085050"]
[Variant "Standard"]
[StudyName "ROpen 2025 - Rd9 - Boards 109-172"]
1. d4 c5 2. e3 Nf6 3. c3 g6 4. Bd3 Bg7 5. Nf3 O-O 6. O-O Qc7 7. Re1 d5 8. Nbd2 Nbd7 9. h3 e5 10. dxe5 Nxe5 11. Nxe5 Qxe5 12. e4 dxe4 13. Nxe4 Nxe4 14. Rxe4 Qd5 15. Bc2 Qxd1+ 16. Bxd1 Bf5 17. Re1 Rfe8 18. Rxe8+ Rxe8 19. Be3 b6 20. Ba4 Rd8 21. Rd1 Rxd1+ 22. Bxd1 Kf8 23. Bf4 Ke7 24. Bf3 Kd7 25. Kf1 Be6 26. a3 Bf8 27. Ke2 Bd6 28. Ke3 a5 29. h4 Bxf4+ 30. Kxf4 f6 31. Be4 Kd6 32. g4 Bd5 33. Bd3 Be6 34. Be4 Bd5 35. Bd3 Be6 36. Be4 1/2-1/2

[Event "Reykjavik Open 2025"]
[Site "Reykjavik"]
[Date "2025.04.15"]
[Round "9.111"]
[White "Sparwel, Oliver"]
[Black "Kiss, Inez"]
[Result "1-0"]
[WhiteElo "1987"]
[WhiteFideId "4002660"]
[BlackElo "1812"]
[BlackFideId "17004306"]
[Variant "Standard"]
[StudyName "ROpen 2025 - Rd9 - Boards 109-172"]
1. d4 d5 2. c4 c6 3. Nf3 Nf6 4. Nc3 e6 5. e3 Nbd7 6. a3 Bd6 7. c5 Be7 8. b4 b6 9. Bb2 a5 10. Be2 O-O 11. O-O Ba6 12. b5 Bb7 13. cxb6 Qxb6 14. Na4 Qa7 15. Rc1 Rfc8 16. Ne5 Nxe5 17. dxe5 Ne4 18. b6 Qb8 19. f3 Bg5 20. fxe4 Bxe3+ 21. Kh1 Bxc1 22. Qxc1 Ba6 23. Bxa6 Rxa6 24. Nc5 Qxb6 25. Nxa6 Qxa6 26. Qf4 Rc7 27. exd5 cxd5 28. Rc1 Rxc1+ 29. Qxc1 h6 30. Bd4 a4 31. Qb1 Qc4 32. Qb4 Qc1+ 33. Bg1 Qd1 34. h3 Qc2 35. Qe7 Qc6 36. Kh2 Qc8 37. Bb6 Qc6 38. Bc7 d4 39. Bd6 Qa8 40. Bb4 Qd5 41. Qe8+ Kh7 42. Qxf7 Qxe5+ 43. Kg1 Qe3+ 44. Qf2 Qc1+ 45. Qe1 Qc4 46. Qe4+ Kg8 47. Bd2 Kf7 48. Bf4 Qc5 49. Kh2 Kf6 50. Qf3 Ke7 51. Bd2 Qe5+ 52. Qg3 Kf6 53. Bf4 Qc5 54. Bd6 Qf5 55. Qh4+ Kg6 56. Qxd4 Qc2 57. Be5 Qb3 58. Qg4+ Kf7 59. Qxg7+ Ke8 60. Qxh6 Qxa3 61. Qxe6+ Kd8 62. Qd6+ 1-0

[Event "Reykjavik Open 2025"]
[Site "Reykjavik"]
[Date "2025.04.15"]
[Round "9.112"]
[White "Rajkumar, Daniel"]
[Black "Mrozowski, Nikodem"]
[Result "0-1"]
[WhiteElo "1855"]
[WhiteFideId "143105003"]
[BlackElo "1984"]
[BlackFideId "41801733"]
[Variant "Standard"]
[StudyName "ROpen 2025 - Rd9 - Boards 109-172"]
1. d4 Nf6 2. c4 g6 3. Nf3 Bg7 4. g3 O-O 5. Bg2 c5 6. O-O cxd4 7. Nxd4 d5 8. cxd5 Nxd5 9. Nc3 Nxc3 10. bxc3 a6 11. Bb2 Qc7 12. Qb3 e5 13. Nf3 Be6 14. Qc2 Nc6 15. Rfc1 Na5 16. Nd2 Nc4 17. Nxc4 Bxc4 18. Ba3 Rfe8 19. Rd1 Rad8 20. Rab1 b5 21. Bb4 f5 22. Rxd8 Rxd8 23. Rd1 e4 24. Rxd8+ Qxd8 25. Bf1 Qd5 26. a3 e3 27. fxe3 Bh6 28. Qc1 Qe4 29. Kf2 Qh1 30. Qd2 Bd5 31. h3 Qh2+ 32. Ke1 Qxg3+ 33. Kd1 Bb3+ 34. Kc1 0-1

[Event "Reykjavik Open 2025"]
[Site "Reykjavik"]
[Date "2025.04.15"]
[Round "9.113"]
[White "Zhang, Onno"]
[Black "Skettos, Nicolas"]
[Result "1-0"]
[WhiteElo "1843"]
[WhiteFideId "34643397"]
[BlackElo "1983"]
[BlackFideId "5900670"]
[Variant "Standard"]
[StudyName "ROpen 2025 - Rd9 - Boards 109-172"]
1. e4 e6 2. d4 d5 3. Nc3 Nf6 4. exd5 exd5 5. Bg5 c6 6. Qd2 Bf5 7. f3 Bb4 8. O-O-O O-O 9. g4 Be6 10. Bd3 Nbd7 11. h4 b5 12. Nge2 a5 13. Ng3 a4 14. Rdg1 Ba5 15. Nf5 b4 16. Nxa4 b3 17. c3 bxa2 18. Kc2 Bc7 19. Nc5 Nxc5 20. dxc5 Bxf5 21. gxf5 Kh8 22. b4 d4 23. c4 Qe7 24. Re1 Qd8 25. Kb3 Qd7 26. Bxf6 gxf6 27. Qh6 Qd8 28. Rhg1 Rg8 29. Rxg8+ Qxg8 30. Qxf6+ Qg7 31. Qxg7+ Kxg7 32. Ra1 Bg3 33. Be4 Be1 34. Bxc6 Ra7 35. Ba4 Bxh4 36. Rxa2 Kf6 37. Rd2 Ke5 38. Bc6 Ra1 39. Be4 Bg5 40. Rh2 h6 41. b5 Bf4 42. Re2 h5 43. b6 Rg1 44. c6 Kd6 45. c7 Kd7 46. Bc6+ 1-0

[Event "Reykjavik Open 2025"]
[Site "Reykjavik"]
[Date "2025.04.15"]
[Round "9.114"]
[White "Billman, Brian"]
[Black "Karlinder, Lovis Neo"]
[Result "0-1"]
[WhiteElo "1561"]
[WhiteFideId "2330920"]
[BlackElo "1755"]
[BlackFideId "34664785"]
[Variant "Standard"]
[StudyName "ROpen 2025 - Rd9 - Boards 109-172"]
1. d4 d5 2. c4 c6 3. Nc3 Nf6 4. h3 dxc4 5. e3 b5 6. a4 b4 7. Na2 e6 8. Bxc4 Bb7 9. Nf3 Nbd7 10. Bd2 a5 11. Qb3 Be7 12. Nc1 O-O 13. O-O c5 14. Be2 Rc8 15. Rd1 Qb6 16. dxc5 Nxc5 17. Qa2 Rfd8 18. Nb3 Bd5 19. Nfd4 Nxb3 20. Nxb3 Rc2 21. Rac1 Bxb3 22. Qxb3 Rcxd2 23. Rxd2 Rxd2 24. Bf3 Bc5 25. Rd1 Rxd1+ 26. Qxd1 Qd6 27. Qc2 Nd5 28. Qc4 Ne7 29. Qc2 Qe5 30. Qc4 Bd6 31. Qc2 Qc5 32. Qd1 Nd5 33. g3 Nb6 34. Be2 g6 35. Bf3 Nc4 36. b3 Ne5 37. Be2 Qd5 38. Qc2 Nf3+ 39. Kf1 Nd4 40. Qc8+ Kg7 41. Ke1 Nxe2 42. Kxe2 Qxb3 0-1

[Event "Reykjavik Open 2025"]
[Site "Reykjavik"]
[Date "2025.04.15"]
[Round "9.115"]
[White "Muzik, Roman"]
[Black "Estevez Sacristan, Deva"]
[Result "1-0"]
[WhiteElo "1832"]
[WhiteFideId "357480"]
[BlackElo "1958"]
[BlackFideId "32041101"]
[Variant "Standard"]
[StudyName "ROpen 2025 - Rd9 - Boards 109-172"]
1. e4 d6 2. d4 Nf6 3. Nc3 e5 4. Nf3 Nbd7 5. Bc4 Be7 6. O-O O-O 7. Re1 c6 8. a4 h6 9. h3 Re8 10. Be3 Bf8 11. Bb3 exd4 12. Nxd4 Nxe4 13. Nxe4 Rxe4 14. Qf3 d5 15. c4 Ne5 16. Qg3 Bd6 17. cxd5 c5 18. Nb5 Nc4 19. Nxd6 Nxd6 20. Bxc5 Nf5 21. Qd3 Rxe1+ 22. Rxe1 Bd7 23. g4 Nh4 24. Be7 Qa5 25. Re4 Ng6 26. Bb4 Qd8 27. d6 Qg5 28. Bd2 Qf6 29. Bc3 Qg5 30. Qd4 Nh4 31. Qd5 Qg6 32. Re7 Be6 33. Qxb7 Bxb3 34. Qxa8+ Kh7 35. Qe4 f5 36. Qb7 1-0

[Event "Reykjavik Open 2025"]
[Site "Reykjavik"]
[Date "2025.04.15"]
[Round "9.116"]
[White "Doran, Chris"]
[Black "Grettisson, Arnar Breki"]
[Result "1-0"]
[WhiteElo "1957"]
[WhiteFideId "503835"]
[BlackElo "1794"]
[BlackFideId "2322790"]
[Variant "Standard"]
[StudyName "ROpen 2025 - Rd9 - Boards 109-172"]
1. e4 e5 2. Nf3 Nc6 3. Bb5 a6 4. Ba4 Nf6 5. O-O Nxe4 6. d4 d5 7. Nxe5 b5 8. Nxc6 Qd6 9. Bb3 Qxc6 10. Re1 Be6 11. c4 dxc4 12. Bc2 Nf6 13. Nc3 O-O-O 14. Bg5 h6 15. Bxf6 gxf6 16. Be4 Qb6 17. Qf3 Bb4 18. a3 Ba5 19. a4 b4 20. Nd5 Bxd5 21. Bxd5 Qd6 22. Bxc4 Kb8 23. Rad1 Rhe8 24. Rxe8 Rxe8 25. g3 Ka7 26. Bxf7 Re7 27. Bd5 Bb6 28. Ba8 c5 29. dxc5 Qxc5 30. Bc6 Rc7 31. Be4 Qe7 32. Kg2 a5 33. Qd3 Qc5 34. Qd8 Rc8 35. Rd7+ 1-0

[Event "Reykjavik Open 2025"]
[Site "Reykjavik"]
[Date "2025.04.15"]
[Round "9.117"]
[White "Harms, Reece"]
[Black "Schultze, Joerg-Martin"]
[Result "1-0"]
[WhiteElo "1825"]
[WhiteFideId "2647400"]
[BlackElo "1956"]
[BlackFideId "12972070"]
[Variant "Standard"]
[StudyName "ROpen 2025 - Rd9 - Boards 109-172"]
1. e4 c5 2. Nf3 e6 3. d4 cxd4 4. Nxd4 Nf6 5. Bd3 Nc6 6. Nxc6 bxc6 7. Nd2 d5 8. Qe2 Be7 9. e5 Nd7 10. O-O Nc5 11. f4 Nxd3 12. Qxd3 Qb6+ 13. Kh1 Ba6 14. c4 g6 15. b3 O-O-O 16. Qc2 f5 17. Nf3 dxc4 18. bxc4 Qc5 19. Bd2 Qxc4 20. Qb2 Qd5 21. Rab1 Kd7 22. Rfc1 Ke8 23. Bb4 Rb8 24. Qa3 Qe4 25. Nd2 Rxb4 26. Nxe4 Rxb1 27. Nd6+ Bxd6 28. exd6 Rb6 29. Qc3 Rf8 30. Re1 Bc8 31. Qg7 Rb7 32. Rxe6+ Bxe6 33. Qxb7 Bd7 34. Qxa7 Rf6 35. Qd4 Re6 36. Kg1 Kf7 37. g3 h5 38. Kf2 Rf6 39. a4 Re6 40. a5 Re4 41. Qc5 Ra4 42. a6 Bc8 43. a7 Ra2+ 44. Ke3 Bd7 45. Qc4+ 1-0

[Event "Reykjavik Open 2025"]
[Site "Reykjavik"]
[Date "2025.04.15"]
[Round "9.118"]
[White "Koperski, Dustin"]
[Black "Alfaro Guillen, Jose Raul"]
[Result "0-1"]
[WhiteElo "1793"]
[WhiteFideId "2620634"]
[BlackElo "1956"]
[BlackFideId "6501966"]
[Variant "Standard"]
[StudyName "ROpen 2025 - Rd9 - Boards 109-172"]
1. e4 c5 2. d4 cxd4 3. c3 Nf6 4. e5 Nd5 5. Qxd4 e6 6. Nf3 Nc6 7. Qe4 d6 8. exd6 Bxd6 9. Bd3 Nf6 10. Qe2 h6 11. O-O O-O 12. Rd1 Qc7 13. Nbd2 Ne5 14. Nxe5 Bxe5 15. Nf3 Bd6 16. h3 e5 17. Bc2 Re8 18. Nd2 Be6 19. Ne4 Nxe4 20. Qxe4 f5 21. Qe1 Rad8 22. b3 e4 23. Bd2 Be5 24. Rac1 Bf7 25. Rb1 Bh5 26. Rdc1 Qd6 27. Be3 Qf6 28. Bd4 Bxd4 29. cxd4 Qxd4 30. Qe3 Qxe3 31. fxe3 Rd2 32. b4 Bf7 33. Ba4 Re7 34. a3 Rd3 35. Kf2 Rxa3 36. Bb5 a6 37. Be2 Ra2 38. Kf1 Rd7 0-1

[Event "Reykjavik Open 2025"]
[Site "Reykjavik"]
[Date "2025.04.15"]
[Round "9.119"]
[White "Arndt, Uwe"]
[Black "Helgadottir, Idunn"]
[Result "1-0"]
[WhiteElo "1956"]
[WhiteFideId "24647713"]
[BlackElo "1788"]
[BlackTitle "WCM"]
[BlackFideId "2314118"]
[Variant "Standard"]
[StudyName "ROpen 2025 - Rd9 - Boards 109-172"]
1. d4 d5 2. c4 e6 3. Nf3 a6 4. g3 dxc4 5. a4 Nc6 6. a5 b5 7. axb6 cxb6 8. Bg2 Rb8 9. O-O Bd6 10. d5 Nb4 11. dxe6 Bxe6 12. Ng5 Nf6 13. Nxe6 fxe6 14. Bd2 a5 15. Bxb4 Bxb4 16. Qa4+ Kf7 17. Rd1 Qc7 18. Na3 Qc5 19. Nb5 Rhd8 20. e3 Rd3 21. Bf1 Rd5 22. Nd4 b5 23. Qc2 e5 24. Nxb5 Rxb5 25. Bxc4 Ke7 26. Rxd5 Nxd5 27. Qd3 Nc7 28. Bxb5 Qxb5 29. Qxh7 Ne6 30. Qh4+ Kf8 31. Qg4 Ke7 32. Qh4+ Kf7 33. Qh5+ Ke7 34. Rd1 Bd6 35. Qh4+ Kd7 36. Qe4 Qb3 37. Rd2 Ke7 38. Qh4+ Kd7 39. Qh5 Ke7 40. Qh4+ Kd7 41. Qe4 Ke7 42. h4 Qb4 43. Qd5 Nc7 44. Qd3 e4 45. Qc2 Ne6 46. Kg2 Nc5 47. Rd4 Qb7 48. Qc3 Qb6 49. b4 axb4 50. Rxb4 Qc6 51. Qxg7+ Kd8 52. Qg8+ Kc7 53. h5 Nd3 54. Qf7+ Kd8 55. Rc4 Qb5 56. Rxe4 Qc6 57. Qg8+ Kd7 58. Qe8+ Kc7 59. Qxc6+ Kxc6 60. f4 1-0

[Event "Reykjavik Open 2025"]
[Site "Reykjavik"]
[Date "2025.04.15"]
[Round "9.120"]
[White "Pearce, Tim"]
[Black "Haraldsson, Haraldur"]
[Result "0-1"]
[WhiteElo "1762"]
[WhiteFideId "3217833"]
[BlackElo "1954"]
[BlackFideId "2311100"]
[Variant "Standard"]
[StudyName "ROpen 2025 - Rd9 - Boards 109-172"]
1. d4 Nf6 2. c4 e6 3. Nc3 c5 4. d5 exd5 5. cxd5 d6 6. e4 g6 7. f3 Bg7 8. Bg5 h6 9. Be3 O-O 10. Qd2 Kh7 11. Bd3 Na6 12. Rc1 Nc7 13. Nge2 Rb8 14. a4 b6 15. g4 Nd7 16. h4 Ne5 { [%csl Gf3] } 17. Ng1 Qe7 18. Be2 a6 19. Qd1 f5 20. h5 f4 21. hxg6+ Nxg6 22. Bf2 Bf6 23. Kd2 b5 24. axb5 axb5 25. Qf1 Kg7 26. Qh3 Rh8 27. Qh2 b4 28. Nd1 Ra8 29. Bc4 Ba6 30. Bxa6 Rxa6 31. Ne2 Be5 32. Qh5 Ra2 33. Rb1 Nb5 34. Nc1 Ra6 35. Nd3 Ra2 36. Nxe5 Qxe5 37. Qxe5+ Nxe5 38. Rh3 c4 39. Ke1 Rha8 40. Kf1 Ra1 41. Rxa1 Rxa1 42. Ke2 c3 43. bxc3 bxc3 44. Nxc3 Nxc3+ 45. Kd2 Ra2+ 46. Kxc3 Rxf2 47. Kd4 Rc2 48. Rxh6 Rc4# 0-1

[Event "Reykjavik Open 2025"]
[Site "Reykjavik"]
[Date "2025.04.15"]
[Round "9.121"]
[White "Gayon, Benoit"]
[Black "Holcomb, David D"]
[Result "1-0"]
[WhiteElo "1953"]
[WhiteFideId "632040"]
[BlackElo "1674"]
[BlackFideId "39928314"]
[Variant "Standard"]
[StudyName "ROpen 2025 - Rd9 - Boards 109-172"]
1. e4 e6 2. d4 d5 3. e5 c5 4. c3 Nc6 5. Be3 Qb6 6. Qd2 f6 7. f4 Nh6 8. Nf3 Nf5 9. Bf2 c4 10. Be2 Bd7 11. Nh4 Nxh4 12. Bxh4 fxe5 13. fxe5 Be7 14. Bxe7 Nxe7 15. O-O Rf8 16. Na3 O-O-O 17. Rab1 h6 18. b3 Qa5 19. Qb2 cxb3 20. Qxb3 Qc7 21. Rfc1 Bc6 22. Rb2 Kd7 23. Nb5 Qb6 24. Qc2 Rb8 25. Rcb1 Nf5 26. Qd2 a6 27. Na3 Qc7 28. Nc2 Ke7 29. Nb4 a5 30. Nd3 b6 31. Nf4 Be8 32. Bb5 g5 33. Ne2 Kf7 34. g4 Nh4 35. Rf1+ Kg7 36. Rxf8 Kxf8 37. Qe3 Bxb5 38. Rxb5 Kg7 39. Ng3 Rf8 40. Nh5+ Kh8 41. Nf6 Kg7 42. Qd3 Ng6 43. Rb2 Rf7 1-0

[Event "Reykjavik Open 2025"]
[Site "Reykjavik"]
[Date "2025.04.15"]
[Round "9.122"]
[White "Chompas, Vasileios"]
[Black "Skjoldager, Nicklas"]
[Result "1/2-1/2"]
[WhiteElo "1711"]
[WhiteFideId "42142377"]
[BlackElo "1953"]
[BlackFideId "1408720"]
[Variant "Standard"]
[StudyName "ROpen 2025 - Rd9 - Boards 109-172"]
1. d4 d5 2. c4 e6 3. Nf3 Nf6 4. g3 Be7 5. Bg2 O-O 6. O-O c6 7. b3 Ne4 8. Qc2 Nd7 9. Nbd2 f5 10. Bb2 Ndf6 11. Ne5 Bd7 12. Ndf3 Be8 13. Nd3 g5 14. Nfe5 Nh5 15. f3 Nd6 16. e4 f4 17. g4 Nf6 18. c5 Nf7 19. exd5 Nxd5 20. Rfe1 Ne3 21. Qb1 Nxe5 22. Nxe5 Bf6 23. Qe4 Qd5 24. Qxd5 cxd5 25. Rac1 Bxe5 26. dxe5 Nxg2 1/2-1/2

[Event "Reykjavik Open 2025"]
[Site "Reykjavik"]
[Date "2025.04.15"]
[Round "9.123"]
[White "Piacquadio, Riccardo Daniele"]
[Black "Borne, Milan"]
[Result "1-0"]
[WhiteElo "1952"]
[WhiteFideId "1565656"]
[BlackElo "1673"]
[BlackFideId "652011941"]
[Variant "Standard"]
[StudyName "ROpen 2025 - Rd9 - Boards 109-172"]
1. e4 c6 2. d4 d5 3. exd5 cxd5 4. Bd3 Nf6 5. c3 Nc6 6. Bf4 Bg4 7. Qb3 Qd7 8. Nd2 e6 9. h3 Bh5 10. Ngf3 Be7 11. O-O O-O 12. Rfe1 a6 13. a4 Bd6 14. Ne5 Qc7 15. Bg3 Rfe8 16. Re3 Nd7 17. Nxd7 Qxd7 18. Bxd6 Qxd6 19. Rae1 Qd7 20. Qc2 f5 21. f4 Rac8 22. Qb1 h6 23. Nb3 Qc7 24. Nc5 Bf7 25. Rf1 a5 26. Bb5 Re7 27. Qe1 Qd6 28. Bxc6 Qxc6 29. Nd3 Qxa4 30. g4 Ree8 31. Ne5 g6 32. Qh4 Kg7 33. Rg3 Rc7 34. Rf2 Rg8 35. Rfg2 Kh7 36. gxf5 exf5 37. Qf6 Qe8 38. Qb6 Re7 39. Qxa5 Rg7 40. Qb6 Qg8 41. h4 Be8 42. Qf6 Re6 43. Qd8 Ra6 44. Kh2 Qe6 45. h5 Qf6 46. Qxf6 Rxf6 47. hxg6+ Bxg6 48. Kg1 Rg8 49. b3 Bf7 50. Rxg8 Bxg8 51. Ra2 Ra6 52. Rxa6 bxa6 53. Nd7 Kg6 54. Kg2 Kf7 55. Nc5 Ke7 56. Nxa6 h5 57. Kg3 Kf6 58. Kh4 Kg6 59. Nb4 Be6 60. Nc6 Bf7 61. Ne5+ Kg7 62. Nxf7 Kxf7 63. Kxh5 Ke6 64. c4 1-0

[Event "Reykjavik Open 2025"]
[Site "Reykjavik"]
[Date "2025.04.15"]
[Round "9.124"]
[White "Heppert, Lars"]
[Black "Halldorsson, Karma"]
[Result "1-0"]
[WhiteElo "1949"]
[WhiteFideId "24668575"]
[BlackElo "1654"]
[BlackFideId "2324822"]
[Variant "Standard"]
[StudyName "ROpen 2025 - Rd9 - Boards 109-172"]
1. c4 f5 2. Nf3 Nf6 3. d4 g6 4. g3 Bg7 5. Bg2 O-O 6. O-O d6 7. Nc3 Kh8 8. Re1 Na6 9. e4 fxe4 10. Nxe4 Nxe4 11. Rxe4 Bf5 12. Rh4 Bf6 13. Bg5 e6 14. Qd2 c6 15. Bxf6+ Qxf6 16. Ng5 h5 17. h3 Kg8 18. g4 hxg4 19. hxg4 Bd3 20. Rh3 Bxc4 21. Nh7 Qf4 22. Qc2 Qxg4 23. Nxf8 Rxf8 24. Qxc4 d5 25. Qb3 Qxd4 26. Qxb7 Qxf2+ 27. Kh1 Rf7 28. Qxa6 Qxb2 29. Qc8+ Rf8 30. Qxe6+ Kg7 31. Qe7+ Rf7 32. Rh7+ Kxh7 33. Qxf7+ Kh6 34. Qf8+ Kh5 1-0

[Event "Reykjavik Open 2025"]
[Site "Reykjavik"]
[Date "2025.04.15"]
[Round "9.125"]
[White "Dembele, Marcel"]
[Black "Fartmann, Oliver"]
[Result "0-1"]
[WhiteElo "1837"]
[WhiteFideId "45135657"]
[BlackElo "2109"]
[BlackFideId "12910392"]
[Variant "Standard"]
[StudyName "ROpen 2025 - Rd9 - Boards 109-172"]
1. e4 e5 2. Nf3 Nc6 3. Bb5 a6 4. Ba4 Nf6 5. O-O d6 6. d3 b5 7. Bb3 Na5 8. c3 Nxb3 9. Qxb3 Be7 10. d4 Bb7 11. dxe5 Nxe4 12. e6 fxe6 13. Qxe6 Nc5 14. Qg4 Qd7 15. Qxg7 O-O-O 16. Re1 Rhg8 17. Qxe7 Rxg2+ 18. Kf1 Qh3 0-1